[Event "Rouen op 9th"]
[Site "Rouen"]
[Date "2016.12.19"]
[Round "5"]
[White "Delin, Valere"]
[Black "Serano, Vincent"]
[Result "1-0"]
[WhiteElo "1346"]
[BlackElo "1705"]
[PlyCount "67"]
[EventDate "2016.12.17"]
[EventType "swiss"]
[EventRounds "7"]
[EventCountry "FRA"]
[SourceTitle "CBM 176 Extra"]
[Source "ChessBase"]
[SourceDate "2017.03.02"]
[SourceVersion "1"]
[SourceVersionDate "2017.03.02"]
[SourceQuality "1"]

1. e4 e5 2. Nf3 Nc6 3. Bb5 Qf6 4. c3 h6 5. d4 Bd6 6. Be3 Nge7 7. d5 Nd8 8. c4 b6 9. Nc3 a6 10. Ba4 0-0 11. g4 Bb4 12. g5 hxg5 13. Bxg5 Qg6 14. Bc2 Bxc3+ 15. bxc3 f6 16. Be3 d6 17. Rg1 Bg4 18. Rg3 Qh5 19. Kd2 Rf7 20. Qh1 Bxf3 21. Qxf3 Qxf3 22. Rxf3 Ng6 23. Rg1 Nf4 24. Bxf4 exf4 25. Rxf4 Nb7 26. Rh4 Re8 27. f3 Re5 28. f4 Ree7 29. e5 f5 30. e6 Rf6 31. Rg5 g6 32. Bxf5 Rxf5 33. Rxg6+ Rg7 34. e7 1-0